000 00489nam a2200193Ia 4500
003 OSt
005 20251220091812.0
008 250729s2007 xx 000 0 und d
040 _cAL
041 _akan
082 _a020.2 GOKK
100 _aGovt of Karnataka
_9227317
245 _aಕನ್ನಡ ಕಸ್ತೂರಿ 9th Std
260 _aಬೆಂಗಳೂರು
_c2007
300 _a188p
650 _aKannada
_9227318
700 _aRao Digumurthi
_9227319
942 _2ddc
_cBED
999 _c237610
_d237610